书目信息 |
| 题名: |
大清帝国的得与失
|
|
| 作者: | 赵云田 著 | |
| 分册: | ||
| 出版信息: | 南昌 江西人民出版社 2017 |
|
| 页数: | 277页 | |
| 开本: | 23cm | |
| 丛书名: | ||
| 单 册: | ||
| 中图分类: | K827=49 , K249.309 | |
| 科图分类: | ||
| 主题词: | 清前期--qing qian qi--历史--史料 | |
| 电子资源: | ||
| ISBN: | 978-7-210-08893-6 | |
| 000 | 01102nam0 22002651 450 | |
| 001 | 0122100647 | |
| 005 | 20170322100647.0 | |
| 010 | @a978-7-210-08893-6@dCNY39.80 | |
| 100 | @a20170119d2017 em y0chiy50 ea | |
| 101 | 0 | @achi |
| 102 | @aCN@b110000 | |
| 105 | @aa z 000yd | |
| 106 | @ar | |
| 200 | 1 | @a大清帝国的得与失@9da qing di guo de de yu shi@e乾隆出巡记@f赵云田著 |
| 210 | @a南昌@c江西人民出版社@d2017 | |
| 215 | @a277页@c图@d23cm | |
| 330 | @a本书通过丰富的材料,透过历史的迷雾,再现了乾隆皇帝巡幸活动的真实场景,阅读本书恰似展开一卷画工精细的千里长卷,200多年前浩浩荡荡、壮观奢靡的皇帝出巡使读者如亲历一般。通过此书,读者不仅可以沿着乾隆皇帝当年走过的道路,欣赏当时江山壮丽,还可了解那个时代的社会风貌,从此一端也可思考并发见大清帝国从盛到衰的历史迷因。 | |
| 517 | 1 | @a乾隆出巡记@9qian long chu xun ji |
| 600 | 0 | @a乾隆帝@Aqian long di@f(1711-1799)@x生平事迹 |
| 606 | 0 | @a清前期@9qing qian qi@x历史@j史料 |
| 690 | @aK827=49@v5 | |
| 690 | @aK249.309@v5 | |
| 701 | 0 | @a赵云田@9zhao yun tian@f(1943-)@4著 |
| 801 | 0 | @aCN@bTANGWEI@c20170308 |
| 905 | @b0958650-3@dK827=49@e600@f4 | |
| 大清帝国的得与失:乾隆出巡记/赵云田著.-南昌:江西人民出版社,2017 |
| 277页:图;23cm |
| ISBN 978-7-210-08893-6:CNY39.80 |
| 本书通过丰富的材料,透过历史的迷雾,再现了乾隆皇帝巡幸活动的真实场景,阅读本书恰似展开一卷画工精细的千里长卷,200多年前浩浩荡荡、壮观奢靡的皇帝出巡使读者如亲历一般。通过此书,读者不仅可以沿着乾隆皇帝当年走过的道路,欣赏当时江山壮丽,还可了解那个时代的社会风貌,从此一端也可思考并发见大清帝国从盛到衰的历史迷因。 |
| ● |
| 相关链接 |
|
|
|
|
正题名:大清帝国的得与失
索取号:K827=49/600
 
预约/预借
| 序号 | 登录号 | 条形码 | 馆藏地/架位号 | 状态 | 备注 |
| 1 | 0958650 | 209586508 | 第二样本阅览室/ [索取号:K827=49/600] | 在馆 | |
| 2 | 0958651 | 209586517 | 第二借阅区/ [索取号:K827=49/600] | 在馆 | |
| 3 | 0958652 | 209586526 | 第二借阅区/ [索取号:K827=49/600] | 在馆 | |
| 4 | 0958653 | 209586535 | 第二借阅区/ [索取号:K827=49/600] | 在馆 |